000 01062naa a2200205 i 4500
001 566
003 KOSZ 005
005 20171214104612.0
008 140530s2004 pl f |000 0 pol
040 _cBPK
_dKOSZ 005/EG
080 _a005.51
100 1 _aKORCZAK, Jerzy.
_d2000 - .
_bPolitechnika Koszalińska - Wydział Ekonomii i Zarządzania,
_cKatedra Organizacji i Zarządzania
245 1 0 _aModelowanie systemu logistycznego stanowiska badawczego /
_cJerzy Korczak, Dariusz Woźniak.
500 _aDane z autopsji.
520 _aW pracy zaprezentowano model systemu logistycznego stanowiska badawczego.
650 0 _aLogistyka.
700 1 _aWOŹNIAK, Dariusz.
_d1996 - .
_bPolitechnika Koszalińska - Wydział Mechaniczny,
_cKatedra Inżynierii Mechanicznej
773 0 _iW :
_tTeoria i praktyka modelowania systemów logistycznych / red. nauk. Irena K. Hejduk. -
_dKoszalin : Wydaw. Uczelniane Politechniki Koszalińskiej, 2004. -
_gs. 92-97
_kMonografia Wydziału Ekonomii i Zarządzania / Politechnika Koszalińska ; nr 99
942 _cROZ
_2UKD
999 _c566
_d566